000 00603nam a22002297a 4500
003 OSt
005 20240724100930.0
008 240724b |||||||| |||| 00| 0 eng d
020 _a0340807121
040 _cMUST
082 _222
_a330.9 KNO 2003
100 _aKnow, Paul
_918973
245 _aThe geography of the world economy
_cpaul Know
250 _a4th ed.
260 _aNew york:
_bArnold
_c2003
300 _ax,437p.
_bill.
_c25cm
500 _aincludes references and index
650 _2economics
700 _aJohn Agnew
_918974
700 _aLinda McCarthy
_918975
942 _2ddc
_cO_SHELF
999 _c9282
_d9282